WWII Eastern Front-1945 - Statistics

General Stats
  • This quiz has been taken 18 times
  • The average score is 5 of 10
Answer Stats
Hint Answer % Correct
Capital of Germany that was completely destroyed Berlin
100%
This German city was demolished and rebuilt; it stills belongs to Russia today Königsberg
73%
Month that the war ended in May
73%
This Austrian city was captured in April Vienna
67%
German army continued to fight in this Polish city until May 9 Danzig
47%
The Soviets met the Americans at the ____ River in Berlin Elbe
47%
National militia fielded by Germany in final months of the war Volkssturm
40%
Last German offensive that was launched in Hungary Lake Balaton Offensive
27%
The last line of defense before Berlin that was broken on April 19 Seelow Heights
20%
The Gauleiter of Lower Silesia, he held out in Breslau until the May 8 Karl Hanke
7%
No matching quizzes found
Score Distribution
Percent of People with Each Score
Percentile by Number Answered
Your Score History
You have not taken this quiz